| 000 | 00816ntm a22003137a 4500 | ||
|---|---|---|---|
| 005 | 20260224192259.0 | ||
| 008 | 190523b2017 xxu||||| |||| 00| 0 spa d | ||
| 020 | _a9788417026653 | ||
| 041 | _aESP | ||
| 082 | _a364 OL48e | ||
| 100 |
_aOliva Ruíz, Elena _953609 |
||
| 245 | _aLa expresión de la criminología clínica a través de la pericial criminológica | ||
| 260 | _aEspaña | ||
| 260 | _bIC Editorial | ||
| 260 | _c2017 | ||
| 300 | _a136 páginas | ||
| 490 | _aInvestigación Criminal | ||
| 650 | _aCRIMINOLOGÍA | ||
| 650 | _aDELITO | ||
| 650 | _aVÍCTIMAS | ||
| 650 | _aDELINCUENTES | ||
| 650 | _aACTO CRIMINAL | ||
| 650 | _aPERSONALIDAD CRIMINAL | ||
| 650 | _aCRIMONÓLOGO | ||
| 650 | _aPERICIA CRIMINAL | ||
| 650 | _aINFORME PERICIAL | ||
| 650 | _aPERITOS | ||
| 942 |
_cBK _2ddc |
||
| 999 |
_c11918 _d11918 |
||